| 000 | 00660nam a2200229 i 4500 | ||
|---|---|---|---|
| 001 | 92058 | ||
| 003 | ES-MaACL | ||
| 005 | 20231218182110.0 | ||
| 007 | t| | ||
| 008 | 050330s2001 sp ||||1| spa d | ||
| 020 | _a84-95501-14-7 | ||
| 080 | _a821.134.2-34"19" | ||
| 100 | 1 |
_aMontero, Rosa, _d1951- _982503 |
|
| 245 | 1 | 0 |
_aAmantes y enemigos _b: cuentos de parejas / _cRosa Montero. |
| 250 | _a5ยช ed. | ||
| 260 |
_a[Madrid] : _bSuma de Letras, _c2001. |
||
| 300 |
_a246 p. ; _c18 cm. |
||
| 490 | 1 |
_aPunto de lectura ; _v15 |
|
| 830 | 0 |
_aPunto de lectura ; _v15 _9184240 |
|
| 852 |
_aES-MaACL _jE-10881 _bR.135728 |
||
| 999 |
_c92058 _d92058 |
||